Encyclopedia of the elements : Technical data, history, processing, applications

Tallennettuna:
Bibliografiset tiedot
Päätekijä: Enghg, Per
Aineistotyyppi: Kirja
Kieli:Undetermined
Julkaistu: Berlin Wiley VCH 2004
Aiheet:
Tagit: Lisää tagi
Ei tageja, Lisää ensimmäinen tagi!
Thư viện lưu trữ: Trung tâm Học liệu Trường Đại học Cần Thơ
LEADER 00576nam a2200217Ia 4500
001 CTU_97504
008 210402s9999 xx 000 0 und d
020 |c 310.40 
082 |a 546.22 
082 |b E57 
100 |a Enghg, Per 
245 0 |a Encyclopedia of the elements : 
245 0 |b Technical data, history, processing, applications 
245 0 |c Per Enghg 
260 |a Berlin 
260 |b Wiley VCH 
260 |c 2004 
650 |a Chemical elements 
650 |x Encyclopedias 
904 |i Tuyến 
980 |a Trung tâm Học liệu Trường Đại học Cần Thơ